Orientaciones a las autoridades ambientales par ala definición y actualización de las determinantes ambientales y su incorporación a los planes de ordenamiento territorial municipal y distrital (Registro nro. 20138)

Detalles MARC
000 -CABECERA
Campo de control 00727nam a22001817a 4500
005 - FECHA Y HORA DE LA ULTIMA TRANSACCION
Campo de control 20180323144431.0
008 - ELEMENTOS DE LONGITUD FIJA—INFORMACION GENERAL
Campo de control 180323b2017 ck ||||| ||||o00| 0 spa d
020 ## - ISBN
ISBN 9789588971759
040 ## - FUENTE DE CATALOGACIÓN
Agencia catalogadora original CO-BoIAVH
Agencia transcriptora CO-BoIAVH
041 ## - IDIOMA
Código de idioma para texto/pista de sonido o título separado Español
044 ## - PAÍS DE PUBLICACIÓN
País de publicación Colombia
090 ## - CLASIFICACIÓN LOCAL
Colección FG-
Consecutivo 0279
110 2# - ASIENTO PRINCIPAL--NOMBRE CORPORATIVO
Nombre corporativo o de jurisdicción como elemento de entrada Colombia.
Unidad subordinad Ministerio de Ambiente y Desarrollo Sostenible
9 (RLIN) 90755
245 10 - MENCION DE TITULO
Título Orientaciones a las autoridades ambientales par ala definición y actualización de las determinantes ambientales y su incorporación a los planes de ordenamiento territorial municipal y distrital
260 ## - PUBLICACION, DISTRIBUCION, ETC. (PIE DE IMPRENTA)
Lugar de publicación, distribución, etc. Bogotá:
Nombre del editor, distribuidor, etc. Ministerio de Ambiente y Desarrollo Sostenible,
Fecha de publicación, distribución, etc. 2017.
300 ## - DESCRIPCION FISICA
Extensión 29 páginas:
Otros detalles físicos fotografías a color,
942 ## - ELEMENTOS ADICIONALES (KOHA)
Sistema de clasificación Local
Tipo de ítem Folleto
Existencias
Withdrawn status Lost status Sistema de Clasificación Damaged status No para préstamo Colección Ubicación Permanente Ubicación actual Fecha de adquisición Total Checkouts Número topográfico Inventario / Código de Barras Date last seen Ejemplar Price effective from Forma de adquisición Tipo de material
    Local     Hemeroteca Bogotá Bogotá 23/03/2018   FG-0279 043542 23/03/2018 Ej. 1 23/03/2018 Canje Folleto